[Event "20th Dubai Open 2018"]
[Site "Dubai"]
[Date "2018.04.03"]
[Round "1"]
[White "Oleksiyenko, Mykhaylo"]
[Black "Ma, Lin"]
[Result "1-0"]
[WhiteElo "2621"]
[BlackElo "2156"]
[Annotator "TA"]
[PlyCount "136"]
[EventDate "2018.??.??"]
[EventType "swiss"]
[EventCountry "UAE"]
[SourceTitle "playchess.com"]
[Source "ChessBase"]
[SourceQuality "1"]

{[%evp 10,136,39,34,34,22,22,33,47,52,52,65,79,75,80,73,77,69,68,24,38,37,87,64,82,71,70,47,53,52,49,27,43,36,103,103,122,124,180,175,179,101,158,168,183,114,165,148,153,143,156,149,158,149,148,137,143,159,128,111,160,148,147,114,164,146,237,225,261,260,228,222,406,404,300,266,291,288,289,290,297,283,288,287,291,289,608,551,661,644,875,835,906,893,993,1020,850,1042,1038,1030,1035,964,962,962,987,729,29966,12582,2650,1713,1962,1827,1863,1575,1091,-2191,-2042,-2045,-1887,-2384,-1845,-29972,-29972,-29982,-29983,-29983,-29984,-29985,-29986]} 1. d4 Nf6 2. c4 g6 3. f3 c5 4. d5 e6 5. e4 d6 6. Ne2 {LiveBook: 21 Games. E60: King's Indian: Unusual lines and Fianchetto Variation without Nc3} (6. Nc3 exd5 7. cxd5 Bg7 8. Nge2 Nbd7 9. Ng3 h5 10. Be2 Nh7 11. Bf4 Qe7 12. Qd2 h4 13. Nf1 g5 14. Be3 Ne5 15. g3 Bd7 16. gxh4 gxh4 {½-½ (42) Aronian,L (2794)-Grischuk,A (2767) Berlin 2018}) 6... a6 7. a4 exd5 8. cxd5 {The position is equal.} Nh5 9. g4 Qh4+ 10. Kd2 Nf6 ({Wrong is} 10... Qf2 $2 11. gxh5 Nd7 12. Ra3 $18) 11. Qe1 Qxe1+ 12. Kxe1 Nbd7 $146 13. Nec3 Bg7 14. Be3 O-O 15. Nd2 Ne5 16. h3 Rb8 17. f4 Ned7 18. Be2 Ne8 19. Kf2 f5 20. exf5 gxf5 21. g5 b6 (21... Nb6 $14) 22. Rhd1 $16 Bb7 23. Nc4 $36 {[%mdl 2048] White is really pushing.} Ba8 (23... h6 $16) 24. h4 $18 Rf7 25. h5 (25. Bh5 $18) 25... Re7 (25... h6 $142) 26. h6 Bh8 27. Bf1 ({White should play} 27. Ra3 $18) 27... Nf8 (27... Bxc3 $16 28. bxc3 b5) 28. Bh3 Rf7 29. Ra3 Ng6 30. Rb3 b5 31. axb5 {b6 is the strong threat.} Bxc3 32. bxc3 {[#] Strongly threatening b6.} ({Much less strong is} 32. Rxc3 $6 axb5 33. Rb3 b4 $16) 32... axb5 33. Na5 Nc7 34. Bg2 Re8 35. c4 b4 36. Bf3 Rfe7 37. Bc1 Na6 (37... Rf7 $16 38. Re3 Rxe3 39. Bxe3 Ne8) 38. Nc6 Rd7 39. Re1 Rxe1 40. Kxe1 Bb7 $2 (40... Nc7 41. Na5 Kf8) 41. Re3 Nc7 42. Re2 Ba6 43. Nb8 Re7 44. Rxe7 Nxe7 45. Nxa6 Nxa6 {[%mdl 4096] Endgame KBB-KNN} 46. Kd2 Nb8 47. Kc2 Ng6 $2 (47... Nd7 48. Bh5 Ng6) 48. Bh5 Nh4 49. Kb3 Nd7 50. Ka4 Ng2 51. Kb5 Ne1 52. Be2 Nc2 53. Bd3 Nd4+ 54. Ka6 Nf8 55. Kb7 Kf7 56. Kc7 Ke7 57. Be3 b3 58. Bxd4 cxd4 59. Bxf5 {KB-KN} b2 {[#]} 60. c5 $1 {[%mdl 512]} dxc5 {[%cal Bd6c5,Bc5c4][%mdl 32]} 61. d6+ Kf7 62. g6+ $4 {[%mdl 8192]} (62. Be4 $18 Ne6+ 63. Kc8) 62... hxg6 $19 63. Bd3 Ne6+ 64. Kc8 c4 $1 {[%cal Rc4d3]} 65. f5 gxf5 {Black mates.} 66. Bxf5 Nf8 67. h7 Kg7 68. d7 Nxd7 $1 {[%mdl 32768] Precision: White = 73%, Black = 53%. . Loss on Time!?} 1-0

[Event "20th Dubai Open 2018"]
[Site "Dubai"]
[Date "2018.04.03"]
[Round "1"]
[White "Maghsoodloo, Parham"]
[Black "Phadke Sohan"]
[Result "1/2-1/2"]
[WhiteElo "2615"]
[BlackElo "2150"]
[Annotator "TA"]
[PlyCount "72"]
[EventDate "2018.??.??"]
[EventType "swiss"]
[EventCountry "UAE"]
[SourceTitle "playchess.com"]
[Source "ChessBase"]
[SourceQuality "1"]

{[%evp 28,72,-9,-16,-10,-14,-12,-17,21,0,0,0,0,0,0,0,-41,-31,0,-31,-8,-14,-7,-106,-61,-87,-63,-125,-70,-59,-40,-235,-237,-305,-320,-305,-277,-352,-247,-271,-202,-470,-487,-483,-472,-785,-743]} 1. d4 Nf6 2. Nf3 g6 3. c4 Bg7 4. Nc3 d5 5. cxd5 Nxd5 6. e4 Nxc3 7. bxc3 c5 8. Be3 Qa5 9. Qd2 O-O 10. Rc1 Rd8 11. Bh6 {D85: Exchange Grünfeld: Unusual White 7th moves and lines with 7 Nf3} (11. Be2 cxd4 12. cxd4 Qxd2+ 13. Bxd2 Na6 14. d5 Bd7 15. O-O Rac8 16. Be3 Nb4 17. Rxc8 Bxc8 18. Bc4 b6 {½-½ (35) Sjugirov,S (2650)-Svidler,P (2765) St Petersburg 2017}) 11... Nc6 12. d5 e6 13. Bxg7 Kxg7 14. Be2 exd5 15. exd5 {LiveBook: 3 Games} Ne7 16. c4 Qxd2+ 17. Nxd2 Re8 18. g4 g5 {[#]} 19. f3 $146 Ng6 {And now ...Nf4 would win.} 20. Kf2 f5 21. gxf5 Bxf5 22. Nf1 Rf8 (22... Nf4 {feels hotter.} 23. Ng3 Nh3+ 24. Kg2 Kf6 25. Bf1 Nf4+) 23. Ne3 Bd7 24. Rhg1 h6 {[%cal Bh7h6,Bh6h5][%mdl 32]} 25. Rg3 (25. Rc3 $11) 25... Rf6 26. Bd3 Nf4 $36 {[%mdl 2048] White is under pressure.} 27. Rc3 (27. Be4 $15) 27... Rb6 (27... Ra6 $17 28. Bb1 Kf8) 28. Be4 $15 Kf6 {Strongly threatening ...h5.} 29. Rc2 $2 {[#]} ({White should play} 29. Ng4+ $1 $15 Ke7 30. Kf1) 29... h5 $1 $19 30. Ke1 Rb1+ 31. Nd1 Ba4 32. Kd2 {and the idea Nc3 leaves White hopeful.} Bxc2 33. Bxc2 Rb4 34. Ne3 $2 (34. Nc3) 34... Re8 {Black is clearly winning.} 35. Rg1 Rb2 36. Kc1 {[#]} (36. Re1 $142 Rxa2 37. Ng4+ Kf7 38. Ne5+ Kg7 39. Re4) 36... Rxc2+ $1 {[%mdl 33280] Precision: White = 34%, Black = 56%. . An unexpected result.} 1/2-1/2

[Event "20th Dubai Open 2018"]
[Site "Dubai"]
[Date "2018.04.03"]
[Round "1"]
[White "Tabatabaei, M amin"]
[Black "Minko, Dmitry"]
[Result "1-0"]
[WhiteElo "2605"]
[BlackElo "2145"]
[Annotator "TA"]
[PlyCount "114"]
[EventDate "2018.??.??"]
[EventType "swiss"]
[EventCountry "UAE"]
[SourceTitle "playchess.com"]
[Source "ChessBase"]
[SourceQuality "1"]

{[%evp 13,114,23,49,-34,-56,-54,-48,-31,-33,-33,-48,-37,-40,-52,-18,-12,-27,-17,-3,-56,-29,-27,-22,0,0,-12,0,0,3,3,51,35,104,0,0,0,0,0,0,-10,0,0,0,-79,-84,-60,-4,-4,-4,-4,-4,-4,-4,-4,-4,-4,-4,-4,-4,-12,-11,-12,-12,-12,-12,-12,-12,-12,-12,-12,-12,-12,-12,-12,-12,-12,-12,-12,-12,-12,-12,-12,-12,-12,-12,-12,-12,-12,-12,-12,0,-12,-12,-12,0,-12,-12,-12,0,-12,0,-12,0]} 1. d4 Nf6 2. c4 e6 3. Nf3 Bb4+ 4. Nbd2 O-O 5. a3 Be7 6. e4 d6 {E11: Bogo-Indian} 7. Bd3 (7. Be2 c5 8. d5 e5 9. Qc2 Nbd7 10. Nf1 a6 11. Bd2 Nh5 12. g3 g6 13. Ne3 Ng7 14. Bd3 {½-½ (35) Ding,L (2774)-Carlsen,M (2837) Saint Louis 2017}) 7... Nbd7 {LiveBook: 52 Games} 8. e5 (8. O-O $14) 8... dxe5 $15 {Black is slightly better.} 9. dxe5 Ng4 $1 10. Qe2 {[#]} Ngxe5 $1 {[%mdl 512]} 11. Nxe5 Nxe5 {[#]} 12. Bxh7+ $1 {[%mdl 512]} Kxh7 13. Qxe5 Qd3 14. Qxc7 $146 ({Predecessor:} 14. h4) 14... Bd6 15. Qa5 f5 16. Qa4 {[#]} (16. Nf3 $11) 16... b5 $1 {[%mdl 512]} 17. cxb5 (17. Qxb5 Rb8) 17... Bd7 18. Qh4+ Kg8 19. a4 {Hoping for Qc4.} f4 20. Qg4 $1 {[%cal Rg4f3]} a6 $132 {[%mdl 2048] Black has counterplay} 21. Qe2 Qg6 22. Qe4 Qh5 (22... Qe8 $14) 23. Qd4 (23. Nc4 $16 Bb4+ 24. Bd2 Bxd2+ 25. Nxd2) 23... Rf5 $11 24. O-O Rd5 25. Qe4 {aiming for Nc4.} axb5 {[%cal Ra8a4]} 26. Nf3 bxa4 27. Bxf4 Qg4 28. Qxd5 (28. g3 $11 {keeps the balance.}) 28... exd5 $17 29. Bxd6 d4 ({Black should play} 29... Qg6 $15 30. Bc7 Re8) 30. Rfd1 $11 {The position is equal.} Bc6 31. Rxd4 Qg6 32. Bg3 a3 33. bxa3 Rxa3 34. Rad1 {And now Rd8+ would win.} (34. Rc1 {feels hotter.} Rc3 35. Rd8+ Kh7 36. Rcd1 Bxf3 37. gxf3 Rxf3 38. R1d4) 34... Bxf3 35. gxf3 Rxf3 36. Rd8+ Kh7 37. R8d7 Rb3 38. R7d6 Qf5 39. R6d4 {Black must now prevent Rh4+.} Rb1 40. Rxb1 Qxb1+ {[%mdl 4096] Endgame KQ-KRB} 41. Kg2 Qb7+ 42. Kg1 g5 43. h3 Kg6 44. Kh2 Qf3 45. h4 gxh4 46. Rxh4 Qa8 47. Rg4+ Kf5 48. Rf4+ Kg5 49. Kg1 Qa1+ 50. Kg2 Qa6 51. Kg1 Qa1+ 52. Kg2 Qd1 53. Rh4 Qa1 54. Rf4 Qb1 55. Rh4 Qa1 56. Rf4 Qa8+ 57. Kg1 Qa1+ {[%mdl 32768] Precision: White = 72%, Black = 44%. . Loss on Time!?} 1-0

[Event "20th Dubai Open 2018"]
[Site "Dubai"]
[Date "2018.04.03"]
[Round "1"]
[White "Volkov, Sergey"]
[Black "Kumar, Gaurav"]
[Result "1-0"]
[WhiteElo "2598"]
[BlackElo "2137"]
[Annotator "TA"]
[PlyCount "66"]
[EventDate "2018.??.??"]
[EventType "swiss"]
[EventCountry "UAE"]
[SourceTitle "playchess.com"]
[Source "ChessBase"]
[SourceQuality "1"]

{[%evp 16,66,57,60,81,67,79,79,72,79,72,15,50,6,13,0,28,13,21,-2,7,-6,-10,-14,-8,-30,-32,-94,-87,-101,-110,-103,-110,-104,-91,-131,-131,-130,-130,-147,-148,-287,-278,-341,-342,-342,-342,-370,-370,-384,-384,-400,-393]} 1. e4 c5 2. Nf3 a6 3. c3 Nf6 4. e5 Nd5 5. d4 cxd4 6. cxd4 Nc6 {B28: Sicilian: 2 Nf3 a6 (O'Kelly Variation)} 7. Nc3 (7. Bc4 Nb6 8. Bb3 d5 9. exd6 e6 10. Nc3 Bxd6 11. O-O O-O 12. Re1 Ne7 13. Bg5 f6 14. Bd2 Nbd5 15. Re4 Bd7 16. Qe2 Kh8 17. Re1 Ng6 18. g3 f5 19. Nxd5 fxe4 {1-0 (83) Zhigalko,A (2563)-Kalashian,D (2379) Yerevan 2017}) 7... Nxc3 8. bxc3 d5 9. exd6 {LiveBook: 3 Games} Qxd6 10. Be2 $146 ({Predecessor:} 10. a4 Bg4 11. Be2 Qc7 12. Ba3 g6 13. O-O Bg7 14. h3 Bf5 15. g4 Bd7 16. d5 Ne5 17. Rc1 {1-0 (50) Pluska,A (2158)-Wachinger,D (1944) Willingen 2016}) 10... e6 11. O-O Be7 12. a4 O-O 13. Ba3 (13. Re1 $16) 13... Qc7 $11 14. Bxe7 Nxe7 15. Qb3 Ng6 16. Rfb1 a5 17. Ne1 Rb8 18. Qb6 Qxc3 19. Rc1 Qd2 20. Rc2 Qg5 21. Nf3 {[#]} (21. Qc7 $15 Qf4 22. Rb1) 21... Qd8 $1 $17 {[%cal Rd8b6]} 22. Rb1 Bd7 23. Qxd8 Rfxd8 ({But not} 23... Rbxd8 $6 24. Rxb7 Bxa4 25. Rc4 $15) 24. Bb5 b6 25. Rc7 Bxb5 26. Rxb5 Nf4 27. g3 {[#]} Nd5 $1 {[%cal Rd5c7]} 28. Rc6 (28. Rc4 $17) 28... Rbc8 $19 29. Ne5 f6 30. Rxc8 Rxc8 31. Nd7 Rc6 {Black is winning.} 32. f4 g6 33. g4 Rd6 {[%mdl 32768] Precision: White = 28%, Black = 76%. . Loss on Time!?} 1-0

[Event "20th Dubai Open 2018"]
[Site "Dubai"]
[Date "2018.04.03"]
[Round "1"]
[White "Can, Emre"]
[Black "Ajay Karthikeyan"]
[Result "1/2-1/2"]
[WhiteElo "2590"]
[BlackElo "2127"]
[Annotator "TA"]
[PlyCount "76"]
[EventDate "2018.??.??"]
[EventType "swiss"]
[EventCountry "UAE"]
[SourceTitle "playchess.com"]
[Source "ChessBase"]
[SourceQuality "1"]

{[%evp 17,76,-34,-7,-12,-13,-35,-23,-23,-22,-22,-22,-32,0,-14,-16,-10,26,-6,0,0,14,3,2,-56,-35,-57,-47,-69,-57,-98,-94,-99,-112,-166,-176,-314,-177,-177,-183,-321,-283,-280,-299,-429,-222,-359,-268,-257,-255,-397,-387,-379,-401,-435,-434,-777,-775,-691,-764,-822,-833]} 1. d4 Nf6 2. Nf3 d5 3. Bf4 c5 4. e3 Nc6 5. c3 Qb6 6. Qb3 c4 7. Qc2 Bf5 8. Qc1 e6 9. Nbd2 Rc8 {LiveBook: 12 Games. D02: 1 d4 d5 2 Nf3 sidelines, including 2...Nf6 3 g3 and 2...Nf6 3 Bf4} 10. h3 Qd8 11. a4 (11. Be2 {looks sharper.} b5 12. O-O Be7 13. b3 O-O 14. Bh2) 11... Bd6 {Black is slightly better.} 12. Bxd6 Qxd6 13. Be2 O-O 14. O-O Nd7 15. e4 dxe4 16. Nxc4 Qe7 (16... Qc7 {keeps more tension.} 17. Nh4 Nf6 18. g4 Bg6 19. Nxg6 fxg6 20. Qe3 Nd5) 17. Nh2 Bg6 $146 18. Qd2 Rfd8 19. Qe3 Nf6 20. Rad1 (20. Ng4 $11) 20... Nd5 21. Qc1 Qc7 {Hoping for ...Nf4.} 22. Rfe1 $1 a6 23. Ne3 Nf4 $36 {[%mdl 2048] [#] ...Nxd4! is the strong threat. Black is on the roll.} 24. Bf1 Bh5 25. g4 (25. Neg4 $17) 25... Bg6 $19 26. Nc2 (26. Nc4 $142) 26... e5 (26... Nd3 $142 27. Qd2 Nxb2) 27. dxe5 Nxe5 28. Re3 (28. Rxd8+ {was called for.} Rxd8 29. Rd1 (29. Qxf4 $2 Nf3+ 30. Qxf3 exf3 $19) 29... Rxd1 30. Qxd1) 28... Ned3 29. Qa1 h5 30. Nd4 (30. Rd2 $142) 30... Nd5 (30... Rxd4 $142 31. cxd4 Qc2 32. Bxd3 exd3) 31. Re2 (31. Rexd3 $142 exd3 32. gxh5 Bxh5 33. Rxd3) 31... N3f4 32. Ree1 Qe7 33. Ne2 (33. Qc1 {was necessary.}) 33... Nd3 34. Rxd3 exd3 35. Nf4 Qf6 {Black is clearly winning.} 36. Nxd3 (36. Nxg6 $142 Qxg6 37. Qd1) 36... Bxd3 37. Bxd3 Nf4 38. Bf1 Rd2 {[%mdl 32768] Precision: White = 32%, Black = 37%. . An unexpected result.} 1/2-1/2

[Event "20th Dubai Open 2018"]
[Site "Dubai"]
[Date "2018.04.02"]
[Round "1"]
[White "Can, Emre"]
[Black "Ajay Karthikeyan"]
[Result "*"]
[WhiteElo "2590"]
[BlackElo "2127"]
[Annotator "TA"]
[PlyCount "73"]
[EventDate "2018.??.??"]
[EventType "swiss"]
[EventCountry "UAE"]
[SourceTitle "playchess.com"]
[Source "ChessBase"]
[SourceQuality "1"]

{[%evp 19,73,43,48,21,34,20,21,24,35,11,84,55,70,50,53,63,62,33,84,56,52,67,84,43,48,49,59,76,68,19,10,0,44,39,60,0,0,0,0,-37,0,0,0,0,-1,-104,-75,-83,-187,-126,-7,-8,0,0,0,-23]} 1. d4 Nf6 2. c4 g6 3. Nc3 Bg7 4. e4 d6 5. Nf3 O-O 6. Be2 e5 7. d5 a5 8. Bg5 Na6 9. Nd2 h6 10. Be3 {E92: King's Indian: Classical: 6 Be2 e5: 7 dxe5, 7 Be3 and Petrosian System without 7...Nbd7} Nd7 {LiveBook: 8 Games} 11. g4 (11. O-O f5 12. f3 f4 13. Bf2 c5 14. dxc6 bxc6 15. Nb3 Ndc5 16. Qd2 Nxb3 17. axb3 Nc5 {½-½ (35) Mirzoev,E (2405)-Triapishko,O (2530) Batumi 2018}) 11... Ndc5 12. a3 {White is slightly better.} Bd7 13. Qc2 $146 ({Predecessor:} 13. b3 f5 14. gxf5 gxf5 15. h4 f4 16. Bxc5 Nxc5 17. b4 axb4 18. axb4 Rxa1 19. Qxa1 {1-0 (38) Valenzuela Gomez,F (2334)-Sanchez Sandoval,G (2249) Valdivia 2016}) 13... c6 14. h4 f5 (14... cxd5 $11 15. cxd5 Qb8) 15. gxf5 gxf5 16. O-O-O {[%cal Ba1d1,Bd1g1,Bg1g4][%mdl 32]} f4 17. Bxc5 $1 Nxc5 18. Rdg1 Kh7 (18... Kh8 $14) 19. Bg4 Bxg4 20. Rxg4 Rg8 21. Rhg1 Qd7 22. Na4 Nxa4 $1 23. Qxa4 Bf6 24. Qd1 Rxg4 25. Rxg4 Rg8 26. Rxg8 Kxg8 27. Qh5 (27. h5 $14) 27... Kg7 $11 28. Nf3 Qh3 {[#] White must now prevent ...Qf1+.} 29. Kd2 cxd5 30. cxd5 Qg2 31. Ke2 Qg6 32. Qf5 (32. Qxg6+ $11 {was the only way to keep the balance.} Kxg6 33. a4) 32... Qxf5 $17 33. exf5 e4 34. Nd2 {[#]} Bxb2 ({Black should try} 34... a4 $1 $17 35. Nxe4 Bxb2 36. f6+ Kf7 37. Nxd6+ Kxf6) 35. Nc4 $1 $11 {[%cal Rc4b2] The position is equal.} Be5 {aiming for ...b5.} 36. a4 Kf6 37. Nxa5 {Precision: White = 56%, Black = 41%.} *

[Event "20th Dubai Open 2018"]
[Site "Dubai"]
[Date "2018.04.03"]
[Round "1"]
[White "Ghaem Maghami, Ehsan"]
[Black "Laith, Kasib"]
[Result "1-0"]
[WhiteElo "2523"]
[BlackElo "2109"]
[Annotator "TA"]
[PlyCount "72"]
[EventDate "2018.??.??"]
[EventType "swiss"]
[EventCountry "UAE"]
[SourceTitle "playchess.com"]
[Source "ChessBase"]
[SourceQuality "1"]

{[%evp 10,72,0,0,0,0,0,0,0,-1,-2,-31,-22,-15,20,0,2,0,13,-14,-7,-16,0,0,0,-11,-15,-37,-49,-62,-24,-49,-49,-156,-143,-292,-287,-279,-263,-292,-300,-292,-299,-387,-389,-478,-475,-475,-475,-475,-469,-496,-336,-336,-336,-1390,-1375,-1146,-1112,-29980,-29981,-29981,-29982,-29983,-29984]} 1. b3 d5 2. Bb2 c5 3. f4 (3. Nf3 Nf6 4. e3 g6 5. Bxf6 exf6 6. c3 Nc6 7. d4 b6 8. Bb5 Bb7 9. O-O a6 10. Bd3 Bd6 11. Re1 O-O 12. g3 Qc7 {½-½ (73) Nakamura,H (2786)-Caruana,F (2802) chess.com INT 2017}) 3... d4 4. Nf3 Nc6 5. g3 Nf6 6. Bg2 {LiveBook: 3 Games. A01: Nimzowitsch-Larsen Opening} g6 7. O-O Bg7 8. Na3 {The position is equal.} O-O 9. Nc4 Be6 $146 ({Predecessor:} 9... Nd7 10. e3 e5 11. fxe5 Ndxe5 12. Nfxe5 Nxe5 13. Nxe5 Bxe5 {½-½ (50) Gatterer,F (2206)-Pitschka,C (2279) Austria 2006}) 10. Ng5 Bxc4 11. bxc4 e5 12. f5 Ne7 13. fxg6 hxg6 14. Qe1 Rb8 15. a4 Bh6 (15... Qd6 {with more complications.} 16. c3 Bh6 17. h4 b6 18. cxd4 exd4 19. e3 Nf5) 16. Rxf6 {[#] aiming for Ne4.} Bxg5 17. Rf2 f5 {[%cal Bf7f5,Bf5f4][%mdl 32]} 18. e4 f4 19. Qe2 Qd7 (19... Qb6 {feels hotter.} 20. Bc1 fxg3 21. Rxf8+ Rxf8 22. hxg3 Kg7) 20. Raf1 fxg3 21. Rxf8+ (21. hxg3 $15 Rxf2 22. Qxf2) 21... Rxf8 $17 22. Rxf8+ (22. hxg3 $17 Qxa4 23. Qg4 Rxf1+ 24. Bxf1 Bxd2 25. Qe6+ Kf8 26. Qf6+ Ke8 27. Qh8+ Kf7 28. Qh7+ Kf8 29. Qh8+ Ng8 30. Qxe5 Be3+ 31. Kh1) 22... Kxf8 $19 23. hxg3 Qxa4 24. Qd3 b6 25. Bh3 Kg7 26. Be6 Ng8 27. Ba3 Nf6 28. Kg2 Qa5 29. Bc1 Qa1 30. Qf1 Qb1 31. Qd1 a5 ({Don't take} 31... Nxe4 32. Qf3 $19) 32. Bd7 $2 {[#]} (32. Bg4) 32... Nxd7 33. Qg4 Nf6 34. Qxg5 Qxc1 {Black mates.} 35. Qxe5 Qxd2+ 36. Kh3 g5 {[%mdl 32768] Precision: White = 30%, Black = 77%. . Loss on Time!?} 1-0

[Event "20th Dubai Open 2018"]
[Site "Dubai"]
[Date "2018.04.03"]
[Round "1"]
[White "Praggnanandhaa R"]
[Black "Nikhil Magizhnan"]
[Result "0-1"]
[WhiteElo "2520"]
[BlackElo "2105"]
[Annotator "TA"]
[PlyCount "92"]
[EventDate "2018.??.??"]
[EventType "swiss"]
[EventCountry "UAE"]
[SourceTitle "playchess.com"]
[Source "ChessBase"]
[SourceQuality "1"]

{[%evp 18,92,13,0,22,0,25,25,43,0,57,53,76,58,56,29,41,29,87,48,70,0,31,35,110,116,115,100,95,0,0,0,0,0,0,0,0,0,57,57,48,16,38,6,81,89,85,64,220,207,182,49,77,75,95,15,161,179,146,157,240,0,0,-130,-126,-477,-499,-1541,-1517,-29990,-29991,-29990,-29991,-29994,-29995,-29995,-29996]} 1. e4 c5 2. Nf3 e6 3. g3 Nc6 4. Bg2 Nf6 5. d3 Be7 6. O-O d5 7. Qe2 O-O 8. e5 Nd7 9. c4 Nb6 10. Rd1 {LiveBook: 7 Games} f5 {C00: French: Unusual White 2nd moves} (10... Qd7 11. Nc3 a6 12. Bf4 f5 13. exf6 Bxf6 14. a4 Nd4 15. Nxd4 cxd4 16. a5 dxc3 17. axb6 cxb2 18. Rab1 {1-0 (33) Nasanjargal,U (2318)-Tsydypov,Z (2450) Ulaanbaatar 2016}) 11. h4 d4 12. Ng5 $146 ({Predecessor:} 12. Bf4 Bd7 13. Na3 Be8 14. Nb5 Bh5 15. Bg5 Bxg5 16. hxg5 Nc8 17. Qd2 a6 18. Na3 {0-1 (33) Atalik,E (2270)-Rajlich,I (2220) Zagan 1997}) 12... h6 {White has an edge.} 13. Nh3 (13. Bxc6 $5 bxc6 14. Nh3 $11) 13... Bd7 (13... Qc7 $11) 14. Nf4 $14 Qe8 15. Bf3 g6 16. Na3 a6 17. Nc2 Bd8 (17... Qf7 $11) 18. Nh3 Kg7 19. Bf4 ({White should play} 19. b3 $14) 19... Qf7 20. b4 Na4 ({Black should try} 20... cxb4 $14 21. Bxc6 bxc6) 21. bxc5 $1 $16 Rh8 22. Rdc1 g5 23. hxg5 (23. Bd2 $1 $16) 23... hxg5 $11 24. Nxg5 Qg6 25. Qd2 Ba5 26. Qd1 Bd8 27. Qd2 Nxc5 (27... Ba5 $11 28. Qe2 Bd8 29. Qd2) 28. Bg2 $14 Rh5 {[%cal Rd8g5]} 29. Nf3 Ba5 30. Qe2 Bc3 (30... Rah8 $1 $11) 31. Rab1 $16 {Hoping for Ncxd4.} Rah8 32. Nce1 $1 {Rxc3! is the strong threat.} Nd8 $2 {[#]} (32... Ba5 $14) 33. Rxc3 $1 $18 {[%mdl 512]} dxc3 34. Nh4 (34. Qe3 $1 $18 {[%cal Re3c5]} Na4 35. Bg5 Rxg5 36. Nxg5) 34... Rxh4 35. gxh4 Rxh4 {White must now prevent ...c2.} 36. Bg3 ({Better is} 36. Qe3 $1 $16 {[%cal Re3c5]} Nf7 37. Bg3 (37. Qxc5 Rxf4 38. Rxb7 Ba4 $11)) 36... Rh8 (36... Rg4 $1 $11 {and Black is okay.}) 37. Qe3 Na4 {[#]} 38. Qd4 $1 {[%cal Rd4d7]} Bc6 {[#]} (38... Bc8 $16 39. c5 Qg4 40. Qxg4+ fxg4) 39. Bxc6 $2 (39. Bh4 $1 $18 {[%cal Rh4f6]} c2 40. Bf6+ Kf7 41. Rc1 (41. Ra1 Rg8 $16)) 39... bxc6 $40 {[%mdl 128] Black is up to no good.} 40. Qd7+ (40. Rb8 $11 {remains equal.} Qh5 41. Qh4 Qxh4 42. Bxh4 Rxh4 43. Rxd8) 40... Nf7 $17 41. Qxc6 $2 {[%mdl 8192]} (41. Qe7 $17 {was the crucial defense.}) 41... f4 $19 42. Qxa4 (42. Qf3 $142 fxg3 43. fxg3) 42... fxg3 43. fxg3 Qxg3+ {Black mates.} 44. Ng2 Nxe5 45. Rf1 Qh2+ 46. Kf2 Rf8+ {Precision: White = 39%, Black = 36%.} 0-1

[Event "20th Dubai Open 2018"]
[Site "Dubai"]
[Date "2018.04.02"]
[Round "1"]
[White "Vishnu Prasanna  V"]
[Black "Mendonca, Leon Luke"]
[Result "*"]
[WhiteElo "2510"]
[BlackElo "2099"]
[Annotator "TA"]
[PlyCount "92"]
[EventDate "2018.??.??"]
[EventType "swiss"]
[EventCountry "UAE"]
[SourceTitle "playchess.com"]
[Source "ChessBase"]
[SourceQuality "1"]

{[%evp 15,92,26,62,20,52,37,65,58,59,64,77,78,104,90,88,70,89,87,113,108,127,99,111,54,89,55,89,33,43,36,35,15,37,44,46,44,50,54,67,52,106,75,81,77,72,62,84,45,53,54,54,41,50,-129,59,24,147,144,129,102,242,120,119,122,104,129,144,141,200,200,200,201,197,200,237,230,210,136,134]} 1. c4 Nf6 2. g3 g6 3. Nc3 Bg7 4. Bg2 O-O 5. d4 c6 6. e4 d6 7. Nf3 Bg4 8. O-O Nbd7 {LiveBook: 5 Games. E62: King's Indian: Fianchetto: 6...c6 and Panno Variation (6...Nc6) without ...a6} 9. Re1 (9. Be3 e5 10. d5 Qe7 11. Qb3 Bxf3 12. Bxf3 Nc5 13. Qa3 a5 14. Rfd1 Nfd7 15. Rd2 f5 16. exf5 gxf5 17. dxc6 e4 18. Nd5 Qf7 19. cxd7 exf3 20. Bxc5 dxc5 21. Qxc5 Kh8 22. Nf4 Rad8 23. Qd5 {1-0 (23) Fridman,D (2667)-Jurcik,M (2496) Warsaw 2012}) 9... e5 10. d5 $1 Qc7 {White is slightly better.} 11. h3 Bxf3 $1 12. Bxf3 a5 $146 ({Predecessor:} 12... a6 13. b3 Rfd8 14. Rb1 Nb6 15. Qd3 Rac8 16. Bb2 Qd7 {0-1 (71) Mbusnoum,H-Medina Ucles,E Khanty-Mansiysk 2010}) 13. Be3 Rad8 14. Bg2 Nc5 15. Rc1 Nfd7 16. a3 Na6 17. Rb1 f5 18. exf5 gxf5 19. f4 (19. Bg5 $16) 19... Nb6 20. Bf2 e4 21. Bf1 (21. g4 $16) 21... Nc5 $14 22. Kh2 a4 23. Qc2 Kh8 24. Rbd1 Rd7 25. Be3 Rdf7 26. Be2 Bh6 27. Rg1 Qb8 (27... Bg7 $14) 28. Rdf1 Qc7 29. g4 fxg4 30. Rxg4 Qe7 31. Qd2 Nb3 32. Qd1 {Strongly threatening dxc6.} Nc5 $1 33. Qe1 Nbd7 34. Qd1 $2 {[#]} (34. Kh1 $14 {keeps the upper hand.}) 34... Nb6 $2 ({Black should play} 34... Ne5 $1 $17 {[%cal Re5g4]} 35. Qd4 Nb3 36. Qxe4 Nxg4+ 37. Bxg4 Qxe4 38. Nxe4 Bxf4+ 39. Bxf4 Rxf4 40. Rxf4 Rxf4 41. Nxd6 Rd4) 35. Rf2 {With the idea Bd4+.} Bg7 (35... Nbd7 $1 $11) 36. Rfg2 $16 Bf6 37. Qg1 {White wants to mate with Rg8+.} Qe8 (37... Rg7 $16 {is a better defense.}) 38. dxc6 (38. R4g3 $18 {has better winning chances.}) 38... bxc6 39. Bxc5 dxc5 40. Qxc5 Nd7 41. Qxc6 {White is clearly better.} Ne5 (41... Qb8 $16 {was worth a try.} 42. Qb5 (42. Nxa4 h5 $14) (42. Nxe4 Bxb2 43. Kh1 Nf6 $16) (42. Qxa4 h5 $16) (42. Qxe4 $2 Bxc3 43. Rg5 Re8 $19) 42... Bxc3 43. bxc3 Nf6) 42. Qxe8 $18 {[#] Intending Rg8+ and mate.} Nxg4+ 43. Bxg4 Rxe8 44. Bh5 ({Less strong is} 44. Nxa4 Rb8 $14) 44... Bxc3 45. Bxf7 Rf8 46. Bd5 Bg7 {Precision: White = 49%, Black = 33%.} *